000 00692nam a2200253Ia 4500
003 OSt
005 20220926013814.0
006 a|||||r|||| 00| 0
007 ta
008 220923b |||||||| |||| 00| 0 eng d
037 _cGeneral Book
040 _aRTL
_cRTL
_beng
041 _2eng
_aeng
082 _aX:8J, M3
100 _aKell Walter G
_9319056
245 0 _aModern auditing Ed by William C Boynton
250 _a2th
260 _aNew York
_bJohn Wiley U S A
_c1983
300 _axviii, 706p.
_ccm.
650 _aAudit
700 _a Ziegler Richard E
_9319057
942 _hX:8J, M3
_cGB
_2CC
999 _c626911
_d626911